[Event "Kharkov op"]
[Site "Kharkov"]
[Date "2004.07.16"]
[Round "8"]
[White "Kovytev, Nikolay"]
[Black "Nalivajko, Evgeny"]
[Result "1/2-1/2"]
[WhiteElo "2197"]
[BlackElo "2349"]
[PlyCount "43"]
[EventDate "2004.07.08"]
[EventType "swiss"]
[EventRounds "9"]
[EventCountry "UKR"]
[SourceTitle "CBM 101 Extra"]
[Source "ChessBase"]
[SourceDate "2004.09.01"]
[SourceVersion "2"]
[SourceVersionDate "2004.09.01"]
[SourceQuality "1"]

1. Nf3 d5 2. e3 Nf6 3. c4 c6 4. b3 Bf5 5. Bb2 e6 6. Be2 h6 7. 0-0 Be7 8. Nc3 0-0 9. d4 Nbd7 10. c5 Qb8 11. b4 b6 12. Qd2 e5 13. b5 Ne4 14. Qc1 bxc5 15. bxc6 Nxc3 16. Bxc3 cxd4 17. exd4 e4 18. cxd7 exf3 19. Bxf3 Qd6 20. Ba5 Qxd7 21. Qc7 Qxc7 22. Bxc7 1/2-1/2

[Event "Kharkov op"]
[Site "Kharkov"]
[Date "2004.07.12"]
[Round "5"]
[White "Onoprienko, Vladimir"]
[Black "Kovytev, Nikolay"]
[Result "1/2-1/2"]
[WhiteElo "2374"]
[BlackElo "2197"]
[PlyCount "94"]
[EventDate "2004.07.08"]
[EventType "swiss"]
[EventRounds "9"]
[EventCountry "UKR"]
[SourceTitle "CBM 101 Extra"]
[Source "ChessBase"]
[SourceDate "2004.09.01"]
[SourceVersion "2"]
[SourceVersionDate "2004.09.01"]
[SourceQuality "1"]

1. e4 d6 2. d4 Nf6 3. Nc3 g6 4. Be3 c6 5. Qd2 b5 6. f3 Qa5 7. Nge2 Nbd7 8. g4 Nb6 9. b3 h5 10. g5 Nfd7 11. h4 b4 12. Nd1 Bg7 13. c3 c5 14. cxb4 Qxb4 15. Qxb4 cxb4 16. a3 a5 17. axb4 axb4 18. Rxa8 Nxa8 19. Nc1 Nc7 20. Rh2 f5 21. Rc2 Kd8 22. Nd3 Ne6 23. d5 Nec5 24. Nxc5 Nxc5 25. Bxc5 dxc5 26. Rxc5 fxe4 27. fxe4 Be5 28. Rc6 Rg8 29. Bc4 Bg3+ 30. Kd2 Bxh4 31. d6 Bxg5+ 32. Kd3 Rf8 33. dxe7+ Bxe7 34. Rxg6 Rf3+ 35. Kd4 h4 36. Ne3 Bf6+ 37. e5 Bxe5+ 38. Kxe5 Rxe3+ 39. Kd6 Re1 40. Rh6 h3 41. Bf7 Rd1+ 42. Bd5 Re1 43. Rh7 Bf5 44. Rh4 Re3 45. Rxb4 h2 46. Rf4 Rd3 47. Rh4 Rh3 1/2-1/2

[Event "UKR-ch"]
[Site "Simferopol"]
[Date "2003.11.12"]
[Round "9"]
[White "Solovchuk, Alexey"]
[Black "Kovytev, Nikolay"]
[Result "1-0"]
[WhiteElo "2342"]
[BlackElo "2199"]
[PlyCount "85"]
[EventDate "2003.11.04"]
[EventType "swiss"]
[EventRounds "9"]
[EventCountry "UKR"]
[SourceTitle "CBM 097 Extra"]
[Source "ChessBase"]
[SourceDate "2004.01.13"]
[SourceVersion "1"]
[SourceVersionDate "2004.01.13"]
[SourceQuality "1"]

1. Nf3 Nf6 2. g3 d6 3. Bg2 e5 4. d3 Be7 5. 0-0 0-0 6. c4 c6 7. Nc3 Nbd7 8. e4 a5 9. Nh4 Nc5 10. Nf5 Bxf5 11. exf5 d5 12. cxd5 cxd5 13. Bg5 d4 14. Bxf6 Bxf6 15. Ne4 Nxe4 16. Bxe4 Bg5 17. h4 Bh6 18. Rb1 Rb8 19. b4 b5 20. bxa5 Qxa5 21. Qh5 f6 22. Rb2 Rfc8 23. Bd5+ Kh8 24. Rfb1 Bc1 25. Rb3 Qe1+ 26. Kg2 b4 27. Qf3 Qd2 28. Be6 Rd8 29. a4 Ba3 30. Qc6 e4 31. Qxe4 Qc2 32. Bc4 Rbc8 33. Re1 h6 34. Qe6 Qd2 35. Kf1 Bb2 36. a5 Bc3 37. Re4 Qd1+ 38. Kg2 Qa1 39. a6 Qa4 40. Qf7 Rf8 41. Qe7 Rfe8 42. Qb7 Rb8 43. Bb5 1-0